• 首页
  • 本馆介绍
  • 公告通知
  • 最新文献
  • 馆藏检索
  • 电子资源
  • 读者导购
  • 参考咨询
  • 我的图书馆
  • 登录
  • 详细信息显示
  • 放入我的书架
  • 预约/预借图书
  • 作者相关作品
  • 分类相关作品
  • 丛书相关作品
  • 出版社相关作品

书目信息

  • 表格格式
  • 工作单格式
  • 卡片格式
题名:
新文化运动与百年新文学
    
 
作者: 侯敏 , 李丹 , 温瑞青 著
分册:  
出版信息: 合肥   安徽大学出版社  2016
页数: 174页
开本: 24cm
丛书名:
单 册:
中图分类: K261.107 , I206.6
科图分类:
主题词: 五四运动--wu si yun dong--研究 , 中国文学--zhong guo wen xue--现代文学--文学研究
电子资源:
ISBN: 978-7-5664-1138-9
000 01068nam0 22003011 450
001 0120082253
005 20170320082253.0
010    @a978-7-5664-1138-9@dCNY29.00
100    @a20170215d2016 em y0chiy50 ea
101 0  @achi
102    @aCN@b340100
105    @aa z 000yy
106    @ar
200 1  @a新文化运动与百年新文学@9xin wen hua yun dong yu bai nian xin wen xue@f侯敏,李丹,温瑞青著
210    @a合肥@c安徽大学出版社@d2016
215    @a174页@c图,照片@d24cm
300    @a新文化运动与百年中国/刘勇,李春雨主编
300    @a全国高校出版社主题出版
330    @a本书以新文化运动下的文学变革为切入点,通过一个个故事,展现这种时代特质及其对现代中国的影响。内容包括:文学革命的“第一声号角”、从“润笔”到“稿酬”等。
606 0  @a五四运动@9wu si yun dong@x研究
606 0  @a中国文学@9zhong guo wen xue@x现代文学@x文学研究
690    @aK261.107@v5
690    @aI206.6@v5
701  0 @a侯敏@9hou min@4著
701  0 @a李丹@9li dan@4著
701  0 @a温瑞青@9wen rui qing@4著
801  0 @aCN@bTANGWEI@c20170308
905    @b0957504-6@dK261.107@e120@f3
    
    新文化运动与百年新文学/侯敏,李丹,温瑞青著.-合肥:安徽大学出版社,2016
    174页:图,照片;24cm
    新文化运动与百年中国/刘勇,李春雨主编.-全国高校出版社主题出版
    
    ISBN 978-7-5664-1138-9:CNY29.00
    本书以新文化运动下的文学变革为切入点,通过一个个故事,展现这种时代特质及其对现代中国的影响。内容包括:文学革命的“第一声号角”、从“润笔”到“稿酬”等。
●
相关链接 在E读中查询图书 在五车中查询图书 在当当中查询图书 在豆瓣中查询图书


正题名:新文化运动与百年新文学     索取号:K261.107/120         预约/预借

序号 登录号 条形码 馆藏地/架位号 状态 备注
1 0957504   209575048   第二样本阅览室/ [索取号:K261.107/120] 在馆    
2 0957505   209575057   第二借阅区/ [索取号:K261.107/120] 在馆    
3 0957506   209575066   密集书库-史法系/ [索取号:K261.107/120] 在馆    
唐山师范学院图书馆 欢迎您!
大连网信软件有限公司© 版权所有